000 00684nam a22001937a 4500
999 _c166360
_d166360
005 20190722141432.0
010 _aENG-126035-036
020 _a9789388548151 (Vol. 1 & 2)
_c4995.00 (Set Price)
035 _aEN-109567-568
037 _bDBAD/PUB
082 _a343.930
100 _aSudhanshu Kumar
245 _aS M Dugar, guide to competition law /
_cby Sudhanshu Kumar
260 _aGurgaon
_bLexisNexis
_c2019
270 _a14th Floor, Building No.10, Tower-B, DLF Cyber City, Phase-II
_bGurgaon
_e122002
_k91-124477444
300 _a2.Vol.(cxlviii,1877,26 ; cxxxviii,2910,42)
_c25cm(Hb)
500 _aIncludes subject index
942 _2ddc
_cEN
_h343.930
_mSUD